01419naa a22003257a 4500001001000000003000900010005001700019007000300036008003400039040005400073041000900127072002000136090001800156100001400174100001500188111009900203245013900302260003700441500016300478650001700641650000900658650001300667650002100680650001400701773016000715909003600875942001400911999001900925952014900944BR7901524BR-BrBNA20240918174325.0ta230509b bl.||||| |||| 00| 0 por d aBR-BrBNAbporcBiblioteca Nacional de Agricultura a(Pt) aH60b0336b3876 aH60 BR79015241 aBorgo, A.1 aRosito, C.1 a6. Reuniao Conjunta da Pesquisa da Soja da Regiao SulcFlorianopolis, SC (Brazil)d31 Jul 19781 aResultados da aplicacao de herbicidas para o controle de Euphorbia heteropyla na cultura da soja [Glycine max, leiteiro, erva daninha]3 aCruz Alta, RS (Brasil): c1978.  aContribuicao do Centro de Experimentacao e Pesquisa a 6. Reuniao de Pesquisa da Soja da Regiao Sul Cruz Alta, RS (Brasil): 1978. p. 105-111 (BR7901524-AM)H60  aERVA DANINHA aSOJA aLEITEIRO aCONTROLE QUIMICO aHERBICIDA0 tContribuicao do Centro de Experimentacao e Pesquisa a 6. Reuniao de Pesquisa da Soja da Regiao SulwH60 BR7901524gCruz Alta, RS (Brasil), 1978. p. 105-111 a202404bLuciac55dLucia Elande cAM2AGRIS c310400d310400 002AGRIS40708Acervo Gerala41918b41918cAgrobasel0o0180 BR9406679r2024-05-20t01yAM10d2024-04-11ePortaria Interministerial nÂș 164/94